000 01711nam a2200337 a 4500
001 000048619
003 DO-SdBNP
005 20250522113543.0
007 ta
008 190403s2018 dr r 000 spa d
020 _a9789945501308
040 _aDO-SdBNP
_bspa
_cBNPHU
082 4 _a199.492
_bS758u
_222
100 1 _aSaint-Amand Vallejo, Elsa
_976073
245 1 3 _aLa utopía materialista de Spinoza /
_cElsa Saint-Amand Vallejo ; prólogo, Francisco José Martínez
260 _aSanto Domingo :
_bUniversitaría, UASD,
_c2018.
300 _a380 p. ;
_c23 cm.
500 _aIncluye datos biográficos de la autora en la solapas
504 _aBibliografía : p. 365-375
505 _aPrólogo --
_tIntroducción --
_gCapítulo 1.
_tBaruch de Spinoza y el entrono sociopolítico de su filosofía --
_gCapitulo 2 .
_tArmonía y libertad --
_gCapitulo 3.
_tMetafísica y política en la utopía de Spinoza --
_gCapitulo 4.
_tHacia la eliminación de los prejuicios --
_gCapitulo 5.
_tLa conquista de la libertad --
_gCapitulo 6.
_tLos problemas de la función utópica --
_gCapitulo 7.
_tRealidad y utopía en Spinoza --
_gCapitulo 8.
_tA manera de conclusión --
_tBibliografía --
_tNomenclatura : Abreviaturas. Siglas. Símbolos alfanuméricos.
590 _aInventariado, 2019 / DG
600 1 4 _aSpinoza, Benedictus de,
_d1632-1677
_xCritica e interpretación
_981664
650 4 _aMaterialismo
_945622
650 0 _aAntologías
_98656
650 4 _aUtopía
_981666
650 4 _aFilosofía holandesa
_981665
700 1 _aMartínez, Francisco José,
_eprólogo
_981687
710 2 _aUniversidad Autónoma de Santo Domingo
910 _aDG/Validado. Control de calidad MFF
942 _2ddc
_cLBS1
999 _c48107
_d48107